| 000 | 00707nam a22002175i 4500 | ||
|---|---|---|---|
| 001 | 165189 | ||
| 003 | ES-MaACL | ||
| 005 | 20250817004349.0 | ||
| 008 | 990615s1886 sp |||| | spa d | ||
| 040 |
_aCCPB | B _bspa _cCCPB | B |
||
| 245 | 0 | 3 |
_aEl sentido común y el ser pensante / _cobra original del prójimo. |
| 260 |
_aMadrid : _b[s.n.], _c1886 ( _fEstablecimiento Tipográfico Sucesores de Rivadeneyra) |
||
| 300 |
_a522 p. ; _c23 cm. |
||
| 597 | 1 | _aAntep. | |
| 650 | 7 |
_aFilosofía _2embne _912802 |
|
| 710 | 2 |
_aSucesores de Rivadeneyra (Madrid) _9134822 |
|
| 752 |
_aEspaña - _dMadrid |
||
| 852 |
_aES-MaACL _jG-12515 _z-- Enc. hol. |
||
| 942 | _2udc | ||
| 999 |
_c165189 _d165189 |
||